000 00964nam a2200265 i 4500
001 7108
003 ES-MaACL
005 20251013212327.0
007 t|
008 900820s1979 be ||||1| fre d
020 _a2-8004-0706-9
080 _a1:4
080 _a4.01
100 1 _aHottois, Gilbert.
_964311
245 1 2 _aL'Inflation du langage dans la philosophie contemporaine
_b: causes, formes et limites /
_cGilbert Hottois ; preface de J. Ladriere.
260 _aBruxelles :
_bL'Universite,
_ccop. 1979.
300 _a391 p. ;
_c24 cm.
490 1 _aUniversite Libre de Bruxelles. Faculte de Philosophie et Lettres ;
_vLXIX
650 4 _aLenguaje-
_xFilosofía.
_914344
700 1 _aLadrière, Jean,
_d1921-2007
_9141083
710 1 _aUniversité de Bruxelles.
_97480
830 0 _aUniversite Libre de Bruxelles. Faculte de Philosophie et Lettres ;
_vLXIX
_9178040
852 _aES-MaACL
_jL-14256
_bR.115710
_z. - rust.
999 _c7108
_d7108